| 000 | 03865nam a22005417a 4500 | ||
|---|---|---|---|
| 001 | B-266040-059 | ||
| 003 | dpl | ||
| 005 | 20080605113921.0 | ||
| 008 | 080530t xxu||||| |||| 00| 0 eng d | ||
| 010 | _aB-266040-059 | ||
| 020 |
_a8128616433 _c145.00 |
||
| 035 | _aB-266040-059 | ||
| 037 | _bBlue Berry (Vander ) | ||
| 040 |
_aDPL _bEN |
||
| 082 | _aN | ||
| 100 | _aLobdell, Scott | ||
| 245 |
_aIdentity theft / _cby Scott Lobdell;edited by Jim Salicrup; based on the series by Franklin W. Dixon |
||
| 260 |
_aMumbai _bEuro Books _c2007 |
||
| 270 |
_bMumbai _aDani Corporate Park, 158, Vidyanagari Marg, Kalina, Santacruz (E) _e400098 |
||
| 300 |
_aunpaged _bcol. ill. _c20 cm (Hb) |
||
| 490 | _aThe Hardy Boys | ||
| 700 | _aSalicrup, Jim | ||
| 700 | _aDixon, Franklin W. | ||
| 942 |
_2ddc _cCH _hN _mLOB |
||
| 999 |
_c13290 _d13290 |
||